[Event "Unterfranken-ch HA 48th"]
[Site "Bergrheinfeld"]
[Date "1997.??.??"]
[Round "7"]
[White "Pernpeintner, Johannes"]
[Black "Haida, Christoph"]
[Result "0-1"]
[WhiteElo "1477"]
[BlackElo "1553"]
[PlyCount "82"]
[EventDate "1997.03.31"]
[EventType "swiss"]
[EventRounds "9"]
[EventCountry "GER"]
[SourceTitle "EXT 2015"]
[Source "ChessBase"]
[SourceDate "2014.11.20"]
[SourceVersion "1"]
[SourceVersionDate "2014.11.20"]
[SourceQuality "1"]

1. e4 g6 2. d4 Bg7 3. Nf3 d6 4. Be3 Nf6 5. Nc3 0-0 6. Bc4 Nbd7 7. 0-0 e5 8. d5 Nc5 9. Nd2 Ng4 10. Qe2 Nxe3 11. Qxe3 a5 12. a3 f5 13. f3 f4 14. Qf2 Kh8 15. Ne2 b6 16. Bb5 Ba6 17. Bxa6 Nxa6 18. Rfb1 Qd7 19. c4 c6 20. Qxb6 cxd5 21. Qxa5 d4 22. Nf1 Nc5 23. Qe1 Nb3 24. Ra2 Qa4 25. Nd2 Nxd2 26. Qxd2 Qxc4 27. Raa1 Qb3 28. Nc1 Qe3+ 29. Qxe3 fxe3 30. Nd3 Rfc8 31. Rc1 Bh6 32. Rxc8+ Rxc8 33. Rc1 Rb8 34. b4 Ra8 35. Ra1 e2 36. Kf2 Rc8 37. Kxe2 Rc2+ 38. Kf1 Rd2 39. Ne1 Be3 40. a4 Rf2+ 41. Kg1 Ra2+ 0-1

[Event "Unterfranken-ch HB 44th"]
[Site "Rieneck"]
[Date "1993.??.??"]
[Round "3"]
[White "Muthig, Holger"]
[Black "Haida, Christoph"]
[Result "1-0"]
[WhiteElo "1215"]
[BlackElo "1449"]
[PlyCount "99"]
[EventDate "1993.04.12"]
[EventType "swiss"]
[EventRounds "9"]
[EventCountry "GER"]
[SourceTitle "EXT 2015"]
[Source "ChessBase"]
[SourceDate "2014.11.20"]
[SourceVersion "1"]
[SourceVersionDate "2014.11.20"]
[SourceQuality "1"]

1. d4 d5 2. c4 e6 3. Nc3 Nf6 4. Nf3 c6 5. e3 Nbd7 6. cxd5 exd5 7. Bd3 Bd6 8. 0-0 0-0 9. Qc2 h6 10. Re1 Nb6 11. b3 Bg4 12. Ne5 Bxe5 13. dxe5 Nfd7 14. f4 f6 15. Ba3 c5 16. exf6 Qxf6 17. Ne2 Rac8 18. Bb2 Qc6 19. Qc3 Nf6 20. Ng3 Qd7 21. Bg6 c4 22. Qe5 Rc6 23. f5 h5 24. h3 h4 25. Nh1 Bh5 26. Qf4 Bxg6 27. fxg6 Ne4 28. Qxh4 Rxg6 29. bxc4 Nxc4 30. Bd4 b6 31. Re2 Rh6 32. Qe1 Rh5 33. Nf2 Nxf2 34. Rxf2 Rxf2 35. Qxf2 Rf5 36. Qe2 Rg5 37. g4 Nd6 38. Kg2 Ne4 39. Rf1 Qd6 40. Qf3 Kh7 41. h4 Rg6 42. g5 a6 43. Qh5+ Kg8 44. Qf3 b5 45. Qf7+ Kh7 46. Rf3 Qc6 47. Qf5 Kg8 48. Qf8+ Kh7 49. Rf7 Qc2+ 50. Kh3 1-0

[Event "Unterfranken-ch HB 44th"]
[Site "Rieneck"]
[Date "1993.??.??"]
[Round "9"]
[White "Poppe, Joern"]
[Black "Haida, Christoph"]
[Result "1/2-1/2"]
[WhiteElo "1454"]
[BlackElo "1449"]
[PlyCount "69"]
[EventDate "1993.04.12"]
[EventType "swiss"]
[EventRounds "9"]
[EventCountry "GER"]
[SourceTitle "EXT 2015"]
[Source "ChessBase"]
[SourceDate "2014.11.20"]
[SourceVersion "1"]
[SourceVersionDate "2014.11.20"]
[SourceQuality "1"]

1. e4 e5 2. Nf3 Nc6 3. d4 exd4 4. Nxd4 Qf6 5. Nxc6 Bc5 6. Qd2 dxc6 7. Bd3 Be6 8. Nc3 Bb4 9. a3 Bxc3 10. Qxc3 Qxc3+ 11. bxc3 0-0-0 12. Be3 b6 13. 0-0 Kb7 14. Rfb1 Ne7 15. a4 f5 16. f3 g6 17. c4 Nc8 18. c5 Rhe8 19. cxb6 cxb6 20. a5 Rd7 21. axb6 axb6 22. Ba6+ Kc7 23. Bxc8 Rxc8 24. Bxb6+ Kd6 25. Rd1+ Ke7 26. Rxd7+ Bxd7 27. Re1 Kf7 28. e5 Rb8 29. Bd4 Rb4 30. c3 Rb2 31. f4 Be6 32. Ra1 Rb7 33. Kf2 Bd5 34. Ra7 Rxa7 35. Bxa7 1/2-1/2

[Event "Unterfranken-ch HB 44th"]
[Site "Rieneck"]
[Date "1993.??.??"]
[Round "1"]
[White "Wuttig, Michael"]
[Black "Haida, Christoph"]
[Result "1-0"]
[WhiteElo "1751"]
[BlackElo "1449"]
[PlyCount "46"]
[EventDate "1993.04.12"]
[EventType "swiss"]
[EventRounds "9"]
[EventCountry "GER"]
[SourceTitle "EXT 2015"]
[Source "ChessBase"]
[SourceDate "2014.11.20"]
[SourceVersion "1"]
[SourceVersionDate "2014.11.20"]
[SourceQuality "1"]

1. Nf3 Nf6 2. b3 d5 3. Bb2 g6 4. e3 Bg7 5. d4 0-0 6. Bd3 Nc6 7. a3 Bg4 8. Nbd2 Re8 9. h3 Bc8 10. 0-0 b6 11. Bb5 Bb7 12. Ne5 Qd6 13. c4 a6 14. Ba4 Nd7 15. cxd5 Qxd5 16. e4 Qd6 17. Ndc4 Qf6 18. Nxd7 Qg5 19. Bxc6 Bxc6 20. Nce5 Bxe4 21. f3 Bf5 22. Qe2 Bxh3 23. f4 Bg4 1-0

[Event "Unterfranken-ch HA 43th"]
[Site "Sailauf"]
[Date "1992.??.??"]
[Round "7"]
[White "Haida, Christoph"]
[Black "Hirsch, Hanns Rainer"]
[Result "1/2-1/2"]
[WhiteElo "1447"]
[BlackElo "1492"]
[PlyCount "40"]
[EventDate "1992.04.20"]
[EventType "swiss"]
[EventRounds "9"]
[EventCountry "GER"]
[SourceTitle "EXT 2015"]
[Source "ChessBase"]
[SourceDate "2014.11.20"]
[SourceVersion "1"]
[SourceVersionDate "2014.11.20"]
[SourceQuality "1"]

1. e4 c6 2. d4 d5 3. Nc3 dxe4 4. Nxe4 Nf6 5. Ng3 c5 6. dxc5 Qa5+ 7. Bd2 Qxc5 8. Be2 e6 9. Bf3 Nc6 10. Bc3 Be7 11. N1e2 0-0 12. 0-0 Qb6 13. Qc1 Bd7 14. Rd1 Qc7 15. Qf4 Qd8 16. Rd3 Rc8 17. Rad1 Rc7 18. Bxf6 Bxf6 19. Bxc6 bxc6 20. Qd2 Qb8 1/2-1/2